01625nam a2200349Ia 4500001001200000003000800012006001900020007001500039008004100054010001700095020001800112020001500130040002100145035002100166050002700187245026200214260004400476300002500520490006500545504004100610533015200651650004300803650003600846650002600882655002900908700002800937710001700965711008200982830006601064856012601130999001901256ebr10361499CaPaEBRm u cr cn|||||||||090716s2009 njua sb 100 0 eng d z 2009288040 z9789814271721 z9814271721 aCaPaEBRcCaPaEBR a(OCoLC)60862467014aQC793.3.B4bR37 2007eb00aRare isotopes and fundamental symmetriesh[electronic resource] :bproceedings of the Fourth Argonne/INT/MSU/JINA FRIB Theory Workshop, Institute for Nuclear Theory, University of Washington, USA, 19-22 September 2007 /ceditors, B. Alex Brown ... [et al.]. aNew Jersey :bWorld Scientific,cc2009. axiii, 202 p. :bill.1 aProceedings from the Institute for Nuclear Theory ;vvol. 16 aIncludes bibliographical references. aElectronic reproduction.bPalo Alto, Calif. :cebrary,d2011.nAvailable via World Wide Web.nAccess may be limited to ebrary affiliated libraries. 0aRadioactive nuclear beamsvCongresses. 0aSymmetry (Physics)vCongresses. 0aIsotopesvCongresses. 7aElectronic books.2local1 aBrown, B. A.q(Boyd A.)2 aebrary, Inc.2 aANL/MSU/JINA/INT FRIB Workshopn(4th :d2007 :cInstitute for Nuclear Theory) 0aProceedings from the Institute for Nuclear Theory ;vvol. 16.40uhttp://site.ebrary.com/lib/rucke/Doc?id=10361499zAn electronic book accessible through the World Wide Web; click to view c106230d106230